Score 0/40 Timer 03:00
0 Plays Today
Hint Answer % Correct
❖ Comes on birthdays in envelope ❖CARD
94.8%
DifficultHARD
94.2%
Offers at an auctionBIDS
92.8%
Animal fat for cookingLARD
92.7%
Automaker HenryFORD
92.1%
Container toppersLIDS
91.4%
❖ Golfers' warning ❖FORE
91.3%
Avian creatureBIRD
91.1%
Group of musiciansBAND
90.9%
Round metal currencyCOIN
90.2%
Storage receptaclesBINS
90%
To tie up tightlyBIND
89.9%
PoetBARD
89.4%
Female domestic servantMAID
89.1%
Concern or interestCARE
88.8%
Slayer of AbelCAIN
88.6%
Ripped apartTORE
87.8%
Imaginative storyTALE
87.3%
Swimming localePOOL
86.4%
Having put something downLAID
86.4%
Hint Answer % Correct
AutumnFALL
84.4%
❖ Terminus of upper limb ❖HAND
84.4%
❖ Primary ❖MAIN
84.1%
Group home for poultryCOOP
84.1%
❖ Excrement ❖POOP
84%
❖ Sticky fastening material ❖TAPE
83.1%
Sleeveless cloakCAPE
83%
Masked mammal, for shortCOON
81.7%
SurveyPOLL
80.3%
Enameled or lacquered metal objectsTOLE
76.8%
Draw toward oneselfPULL
76.7%
Formal dance gatheringBALL
76.5%
❖ Holding as much as possible ❖FULL
75.3%
Having an affectionFOND
75.2%
Promissory noteBOND
75%
Toward the rearBACK
68.9%
HesitateBALK
64.7%
Gesture requesting attentionBECK
42.5%
❖ Public beach or Boz Scaggs' Shuffle ❖LIDO
38.8%
❖❖ COMMON BOND ❖❖DECK
33.7%

Today's Daily Dose

Remove Ads.
Support Sporcle.
Get the best of Sporcle when you Go Orange. This ad-free experience offers more features, more stats, and more fun while also helping to support Sporcle. Thank you for becoming a member.

You're not logged in!

Compare scores with friends on all Sporcle quizzes.
OR
Log In

Show Comments

Extras

Top Quizzes Today


Score Distribution

Your Account Isn't Verified!

In order to create a playlist on Sporcle, you need to verify the email address you used during registration. Go to your Sporcle Settings to finish the process.

Report this User

Report this user for behavior that violates our Community Guidelines.

Details: